• 首页
  • 本馆介绍
  • 公告通知
  • 最新文献
  • 馆藏检索
  • 电子资源
  • 读者导购
  • 参考咨询
  • 我的图书馆
  • 登录
  • 详细信息显示
  • 放入我的书架
  • 预约/预借图书
  • 作者相关作品
  • 分类相关作品
  • 丛书相关作品
  • 出版社相关作品

书目信息

  • 表格格式
  • 工作单格式
  • 卡片格式
题名:
长征—前所未闻的故事
    
 
作者: 索尔兹伯里 著 ;过家鼎 , 程镇球 , 张援远 译
分册:  
出版信息: 北京   解放军出版社  1986
页数: 452页
开本: 20cm
丛书名:
单 册:
中图分类: K264.4
科图分类:
主题词: 二万五千里长征(1934~1936)
电子资源:
ISBN:
000 00774nam0 2200265 45
001 0186011929
005 20050419162818.0
010    @dCNY3.70
091    @aCN@b10183.122
100    @a19930909d1986 emky0chiy0121 ea
101 1  @achi@ceng
102    @aCN@b110000
105    @af z 000yd
200 10 @a长征—前所未闻的故事@Achang zheng — qian suo wei wen de gu shi@f(美)索尔兹伯里著@F(Mei)Suo Er Zi Bo Li Zhu@g过家鼎等译
210    @a北京@c解放军出版社@d1986
215    @a452页@c照片@d20cm
606    @a二万五千里长征(1934~1936)
690    @aK264.4@v3
701  0 @a索尔兹伯里@4著
702  0 @a过家鼎@4译
702  0 @a程镇球@4译
702  0 @a张援远@4译
801  0 @aCN@b深圳图书馆@c20050418
801  2 @aCN@bNLC@c20050418
905    @f1@b165326@dK264.4@e27
    
    长征—前所未闻的故事/(美)索尔兹伯里著/过家鼎等译.-北京:解放军出版社,1986
    452页:照片;20cm
    
    
    ISBN :CNY3.70
    
●
相关链接 在E读中查询图书 在五车中查询图书 在当当中查询图书 在豆瓣中查询图书


正题名:长征—前所未闻的故事     索取号:K264.4/27         预约/预借

序号 登录号 条形码 馆藏地/架位号 状态 备注
1 0165326   002034391   第二借阅区/ [索取号:K264.4/27] 在馆    
2 0165328   202441704   第二样本阅览室/ [索取号:K264.4/27] 在馆    
唐山师范学院图书馆 欢迎您!
大连网信软件有限公司© 版权所有